Joueurs du Real Madrid ou du FC Barcelone? - Statistiques

Statistiques générales
  • Ce quiz a été pris 476 fois
  • Le résultat moyen est 56 sur 100
Statistiques - réponses
Hint Réponse % Correct
Robert Lewandowski FC Barcelone
79%
Luka Modrić Real Madrid
79%
Jude Bellingham Real Madrid
79%
Lionel Messi FC Barcelone
78%
Xavi FC Barcelone
78%
Gerard Piqué FC Barcelone
78%
Neymar Jr. FC Barcelone
78%
Cristiano Ronaldo Real Madrid
78%
Vinicius Jr. Real Madrid
77%
Carles Puyol FC Barcelone
76%
Karim Benzema Real Madrid
76%
Gareth Bale Real Madrid
76%
Zinédine Zidane Real Madrid
76%
Marco Asensio Real Madrid
76%
Andrés Iniesta FC Barcelone
75%
Luis Suárez FC Barcelone
75%
Sergio Ramos Real Madrid
75%
Marcelo Real Madrid
75%
David Beckham Real Madrid
75%
Mesut Özil Real Madrid
75%
Pedro FC Barcelone
74%
Casemiro Real Madrid
74%
Keylor Navas Real Madrid
74%
Ronaldinho FC Barcelone
73%
Zlatan Ibrahimović FC Barcelone
73%
Diego Armando Maradona FC Barcelone
73%
Ilkay Gündoğan FC Barcelone
73%
Johan Cruyff FC Barcelone
73%
Iker Casillas Real Madrid
73%
Javier Mascharano FC Barcelone
72%
Yaya Touré FC Barcelone
72%
Sergio Agüero FC Barcelone
72%
Ángel Di Maria Real Madrid
72%
Thierry Henry FC Barcelone
71%
David Villa FC Barcelone
71%
Ronald Koeman FC Barcelone
71%
Álvaro Morata Real Madrid
69%
Fabio Cannavaro Real Madrid
68%
Raul Real Madrid
67%
Gonzalo Higuaín Real Madrid
66%
Alfredo Di Stefano Real Madrid
65%
Deco FC Barcelone
64%
Rivaldo FC Barcelone
63%
Xabi Alonso Real Madrid
63%
Romário FC Barcelone
61%
Fernando Hierro Real Madrid
61%
Francesc Fàbregas FC Barcelone
60%
Luis Figo Les deux
60%
Lilian Thuram FC Barcelone
59%
Ferenc Puskás Real Madrid
59%
Ruud Van Nistelrooy Real Madrid
59%
Álvaro Arbeloa Real Madrid
57%
Claude Makélélé Real Madrid
57%
Emilio Butragueño Real Madrid
56%
Fernando Morientes Real Madrid
56%
Raymond Kopa Real Madrid
56%
Frank De Boer FC Barcelone
55%
Seydou Keita FC Barcelone
55%
Robinho Real Madrid
55%
Henrik Larsson FC Barcelone
54%
Juan Roman Riquelme FC Barcelone
54%
Hristo Stoichkov FC Barcelone
53%
Guti Real Madrid
53%
Ronaldo Luís Nazário de Lima Les deux
52%
Steve McManaman Real Madrid
52%
Francisco Gento Real Madrid
51%
Rafael Márquez FC Barcelone
50%
Mark Van Bommel FC Barcelone
50%
Jari Litmanen FC Barcelone
49%
Hugo Sánchez Real Madrid
46%
Clarence Seedorf Real Madrid
46%
Philip Cocu FC Barcelone
45%
Santiago Solari Real Madrid
45%
Andoni Zubizarreta FC Barcelone
44%
Giovanni Van Bronckhorst FC Barcelone
44%
Gary Lineker FC Barcelone
44%
Fernando Redondo Real Madrid
42%
Allan Simonsen FC Barcelone
41%
Manuel Sanchis Jr. Real Madrid
41%
Laszlo Kubala FC Barcelone
40%
Iván Helguera Real Madrid
40%
Aliaksandr Hleb FC Barcelone
38%
Santillana Real Madrid
37%
Iván Zamorano Real Madrid
37%
Fernando Couto FC Barcelone
35%
Jorge Valdano Real Madrid
35%
Didi Real Madrid
35%
Sándor Kocsis FC Barcelone
33%
Günter Netzer Real Madrid
33%
Paul Breitner Real Madrid
33%
Samuel Eto'o Les deux
32%
Luis Enrique Les deux
26%
Michael Laudrup Les deux
18%
Bernd Schuster Les deux
18%
Javier Saviola Les deux
17%
Miquel Soler Les deux
15%
Robert Prosinečki Les deux
15%
Julen Lopetegui Les deux
14%
Gheorghe Hagi Les deux
13%
Marcos Alonso Les deux
12%
Aucun quiz correspondant
Distribution des résultats
% des personnes avec chaque résultat
Percentile par nombre de réponses
Votre historique - résultats
Vous n’avez pas pris ce quiz